000 00652nam a2200193 a 4500
005 20251205063949.0
008 991125s1988 mx 000 0 spa u
035 _aUPN01000000857
049 _aF
050 4 _aLB1025
_bD5 no.1c
100 1 _aOrtiz Cantú, Sara
245 1 0 _aAdministración educativa :
_bun caso concreto : la Universidad Iberoamericana /
_cSara Ortiz Cantú.
260 _aMéxico :
_bUniversidad Iberoamericana, Centro de Didáctica,
_c1988.
300 _a16 p.1c
440 0 _aDIDAC.
_pBoletín ;
_v1c
610 2 2 _aUniversidad Iberoamericana (Ciudad de México)
_922293
650 4 _aEnseñanza
_vColecciones
_921467
905 _aLibro
999 _c857
_d857